[Event "27th GER-ch Rapid Women 2019"]
[Site "Neumarkt in der Oberpfalz"]
[Date "2019.09.21"]
[Round "1.2"]
[White "Schumann, Rabea"]
[Black "Schmidt, Jessica"]
[Result "0-1"]
[WhiteElo "1922"]
[BlackElo "2239"]
[Annotator "NA"]
[PlyCount "33"]
[EventDate "2019.09.21"]
[EventType "swiss"]
[EventCountry "GER"]
[SourceTitle "playchess.com"]
[Source "ChessBase"]
[SourceQuality "1"]
[TimeControl "900+10"]

1. c4 {[%emt 0:00:00]} c6 {[%emt 0:00:00]} 2. Nf3 {[%emt 0:00:03]} Nf6 {[%emt 0:00:00]} 3. g3 {[%emt 0:00:05]} d5 {[%emt 0:00:00]} 4. Bg2 {[%emt 0:00:06]} Bf5 {[%emt 0:00:08]} 5. b3 {[%emt 0:00:42]} e6 {[%emt 0:00:14]} 6. O-O {[%emt 0:00:13]} Be7 {[%emt 0:00:05]} 7. Bb2 {[%emt 0:00:19]} Nbd7 {[%emt 0:15:43]} 8. d3 {[%emt 0:00:26]} h6 {[%emt 0:00:00]} 9. Nbd2 {[%emt 0:00:27]} O-O {[%emt 0:00:00]} 10. Re1 {[%emt 0:00:54]} Bh7 {[%emt 0:00:00]} 11. a3 {[%emt 0:05:06]} a5 {[%emt 0:00:00]} 12. Qc2 {[%emt 0:00:43]} Rc8 {[%emt 0:00:00]} 13. Rad1 {[%emt 0:00:09]} b5 {[%emt 0:00:00]} 14. e4 {[%emt 0:02:08]} Nc5 {[%emt 0:00:00]} 15. Ne5 {[%emt 0:02:29]} Qc7 {[%emt 0:00:00]} 16. f3 {[%emt 0:00:41]} Rfd8 {[%emt 0:00:00]} 17. d4 {[%emt 0:00:16]} 0-1

[Event "27th GER-ch Rapid Women 2019"]
[Site "Neumarkt in der Oberpfalz"]
[Date "2019.09.21"]
[Round "2.1"]
[White "Schmidt, Jessica"]
[Black "Stangl, Anita"]
[Result "1-0"]
[WhiteElo "2239"]
[BlackElo "2011"]
[Annotator "NA"]
[PlyCount "55"]
[EventDate "2019.09.21"]
[EventType "swiss"]
[EventCountry "GER"]
[SourceTitle "playchess.com"]
[Source "ChessBase"]
[SourceQuality "1"]
[TimeControl "900+10"]

1. d4 {[%emt 0:00:00]} e6 {[%emt 0:00:00]} 2. c4 {[%emt 0:00:00]} d5 {[%emt 0:00:00]} 3. Nf3 {[%emt 0:00:00]} c6 {[%emt 0:00:00]} 4. cxd5 {[%emt 0:00:15]} exd5 {[%emt 0:00:00]} 5. Nc3 {[%emt 0:00:06]} Nf6 {[%emt 0:00:17]} 6. Bg5 {[%emt 0:00:11]} Be7 {[%emt 0:00:15]} 7. e3 {[%emt 0:00:07]} O-O {[%emt 0:00:09]} 8. Bd3 {[%emt 0:00:05]} Bg4 {[%emt 0:00:34]} 9. h3 {[%emt 0:00:23]} Bh5 {[%emt 0:00:05]} 10. Qc2 {[%emt 0:00:58]} Bg6 {[%emt 0:00:49]} 11. Bxg6 {[%emt 0:00:53]} hxg6 {[%emt 0:00:03]} 12. O-O {[%emt 0:00:42]} Nbd7 {[%emt 0:00:11]} 13. a3 {[%emt 0:00:17]} a5 {[%emt 0:00:14]} 14. Rfe1 {[%emt 0:00:06]} Re8 {[%emt 0:00:19]} 15. Rad1 {[%emt 0:00:15]} Ne4 {[%emt 0:01:21]} 16. Nxe4 {[%emt 0:00:47]} dxe4 {[%emt 0:00:10]} 17. Bxe7 {[%emt 0:00:03]} Qxe7 {[%emt 0:00:04]} 18. Nd2 {[%emt 0:00:02]} Qh4 {[%emt 0:01:09]} 19. Nc4 {[%emt 0:00:30]} Re6 {[%emt 0:00:25]} 20. Re2 {[%emt 0:01:14]} b5 {[%emt 0:00:31]} 21. Nd2 {[%emt 0:11:36]} g5 {[%emt 0:00:03]} 22. f3 {[%emt 0:00:00]} exf3 {[%emt 0:00:37]} 23. Nxf3 {[%emt 0:00:00]} Qg3 {[%emt 0:00:09]} 24. Qf5 {[%emt 0:00:00]} Rae8 {[%emt 0:00:37]} 25. Rde1 {[%emt 0:00:00]} f6 {[%emt 0:01:45]} 26. e4 {[%emt 0:00:00]} Nf8 {[%emt 0:00:45]} 27. e5 {[%emt 0:00:00]} g6 {[%emt 0:00:21]} 28. Qc2 {[%emt 0:00:00]} 1-0

[Event "27th GER-ch Rapid Women 2019"]
[Site "Neumarkt in der Oberpfalz"]
[Date "2019.09.21"]
[Round "2.2"]
[White "Brandt, Carina"]
[Black "Roessler, Ulrike"]
[Result "0-1"]
[WhiteElo "2060"]
[BlackElo "2102"]
[Annotator "NA"]
[PlyCount "25"]
[EventDate "2019.09.21"]
[EventType "swiss"]
[EventCountry "GER"]
[SourceTitle "playchess.com"]
[Source "ChessBase"]
[SourceQuality "1"]
[TimeControl "900+10"]

1. e4 {[%emt 0:00:00]} d6 {[%emt 0:00:00]} 2. d4 {[%emt 0:00:00]} Nf6 {[%emt 0:00:00]} 3. Nc3 {[%emt 0:00:00]} g6 {[%emt 0:00:00]} 4. Nf3 {[%emt 0:00:43]} Bg7 {[%emt 0:00:00]} 5. h3 {[%emt 0:00:12]} O-O {[%emt 0:00:00]} 6. Be3 {[%emt 0:00:37]} c6 {[%emt 0:00:08]} 7. Qd2 {[%emt 0:00:42]} b5 {[%emt 0:00:32]} 8. Bd3 {[%emt 0:00:32]} Nbd7 {[%emt 0:00:45]} 9. e5 {[%emt 0:01:08]} b4 {[%emt 0:00:56]} 10. exf6 {[%emt 0:00:28]} bxc3 {[%emt 0:00:02]} 11. Qxc3 {[%emt 0:00:06]} Nxf6 {[%emt 0:00:16]} 12. Qxc6 {[%emt 0:00:42]} Rb8 {[%emt 0:00:01]} 13. O-O-O {[%emt 0:04:06]} 0-1

[Event "27th GER-ch Rapid Women 2019"]
[Site "Neumarkt in der Oberpfalz"]
[Date "2019.09.21"]
[Round "2.3"]
[White "Schilay, Eva"]
[Black "Freter, Anke"]
[Result "0-1"]
[WhiteElo "1648"]
[BlackElo "1828"]
[Annotator "NA"]
[PlyCount "58"]
[EventDate "2019.09.21"]
[EventType "swiss"]
[EventCountry "GER"]
[SourceTitle "playchess.com"]
[Source "ChessBase"]
[SourceQuality "1"]
[TimeControl "900+10"]

1. Nc3 {[%emt 0:00:00]} Nf6 {[%emt 0:00:18]} 2. e4 {[%emt 0:00:00]} d6 {[%emt 0:00:39]} 3. d4 {[%emt 0:00:12]} g6 {[%emt 0:00:24]} 4. Bc4 {[%emt 0:02:37]} Bg7 {[%emt 0:00:27]} 5. Be3 {[%emt 0:00:05]} Ng4 {[%emt 0:01:41]} 6. Qf3 {[%emt 0:03:32]} O-O {[%emt 0:00:32]} 7. h4 {[%emt 0:01:27]} h5 {[%emt 0:00:40]} 8. Nh3 {[%emt 0:00:25]} Nxe3 {[%emt 0:00:25]} 9. fxe3 {[%emt 0:00:02]} Bg4 {[%emt 0:00:25]} 10. Qf2 {[%emt 0:01:14]} e6 {[%emt 0:00:42]} 11. Ng5 {[%emt 0:00:57]} Qf6 {[%emt 0:01:27]} 12. O-O {[%emt 0:00:40]} Qxf2+ {[%emt 0:00:16]} 13. Rxf2 {[%emt 0:00:01]} Nd7 {[%emt 0:01:33]} 14. Raf1 {[%emt 0:00:13]} Nb6 {[%emt 0:01:28]} 15. Bb3 {[%emt 0:00:01]} Bh6 {[%emt 0:00:09]} 16. Rxf7 {[%emt 0:02:35]} Rxf7 {[%emt 0:00:15]} 17. Nxf7 {[%emt 0:00:18]} Bxe3+ {[%emt 0:00:13]} 18. Kh1 {[%emt 0:00:05]} Rf8 {[%emt 0:00:27]} 19. Re1 {[%emt 0:00:43]} Bf2 {[%emt 0:00:31]} 20. Nh6+ {[%emt 0:00:58]} Kg7 {[%emt 0:00:26]} 21. Rf1 {[%emt 0:00:16]} Kxh6 {[%emt 0:00:34]} 22. e5 {[%emt 0:01:01]} d5 {[%emt 0:00:27]} 23. g3 {[%emt 0:00:31]} Bf3+ {[%emt 0:01:03]} 24. Kh2 {[%emt 0:00:02]} Bxd4 {[%emt 0:00:11]} 25. Ne2 {[%emt 0:00:21]} c5 {[%emt 0:00:23]} 26. c3 {[%emt 0:00:15]} Be3 {[%emt 0:00:46]} 27. Ng1 {[%emt 0:00:42]} Bxg1+ {[%emt 0:00:06]} 28. Kxg1 {[%emt 0:00:01]} Rf5 {[%emt 0:00:05]} 29. Bc2 {[%emt 0:00:06]} Be4 {[%emt 0:00:06]} 0-1

[Event "27th GER-ch Rapid Women 2019"]
[Site "Neumarkt in der Oberpfalz"]
[Date "2019.09.21"]
[Round "3.1"]
[White "Muetsch, Annmarie"]
[Black "Schmidt, Jessica"]
[Result "0-1"]
[WhiteElo "2250"]
[BlackElo "2239"]
[Annotator "NA"]
[PlyCount "25"]
[EventDate "2019.09.21"]
[EventType "swiss"]
[EventCountry "GER"]
[SourceTitle "playchess.com"]
[Source "ChessBase"]
[SourceQuality "1"]
[TimeControl "900+10"]

1. e4 {[%emt 0:00:00]} d5 {[%emt 0:15:10]} 2. exd5 {[%emt 0:00:00]} Qxd5 {[%emt 0:00:00]} 3. Nc3 {[%emt 0:00:00]} Qa5 {[%emt 0:00:00]} 4. Bc4 {[%emt 0:00:03]} Nf6 {[%emt 0:00:14]} 5. d3 {[%emt 0:00:08]} e6 {[%emt 0:00:21]} 6. Nf3 {[%emt 0:00:45]} c6 {[%emt 0:15:25]} 7. O-O {[%emt 0:00:38]} Be7 {[%emt 0:00:02]} 8. Qe2 {[%emt 0:00:46]} O-O {[%emt 0:00:22]} 9. h3 {[%emt 0:00:49]} b5 {[%emt 0:15:12]} 10. Bb3 {[%emt 0:00:07]} Qb6 {[%emt 0:00:39]} 11. a4 {[%emt 0:01:10]} a6 {[%emt 0:00:54]} 12. Be3 {[%emt 0:02:20]} Qb7 {[%emt 0:13:49]} 13. Ne4 {[%emt 0:10:24]} 0-1

[Event "27th GER-ch Rapid Women 2019"]
[Site "Neumarkt in der Oberpfalz"]
[Date "2019.09.21"]
[Round "3.3"]
[White "Schumann, Rabea"]
[Black "Schilay, Eva"]
[Result "1/2-1/2"]
[WhiteElo "1922"]
[BlackElo "1648"]
[Annotator "NA"]
[PlyCount "94"]
[EventDate "2019.09.21"]
[EventType "swiss"]
[EventCountry "GER"]
[SourceTitle "playchess.com"]
[Source "ChessBase"]
[SourceQuality "1"]
[TimeControl "900+10"]

1. c4 {[%emt 0:00:00]} e5 {[%emt 0:00:00]} 2. g3 {[%emt 0:00:00]} Nc6 {[%emt 0:00:03]} 3. Bg2 {[%emt 0:00:05]} g6 {[%emt 0:00:02]} 4. Nc3 {[%emt 0:00:07]} Bg7 {[%emt 0:00:03]} 5. e3 {[%emt 0:00:38]} d6 {[%emt 0:00:03]} 6. Nge2 {[%emt 0:00:06]} Be6 {[%emt 0:00:04]} 7. d3 {[%emt 0:00:14]} f5 {[%emt 0:01:03]} 8. O-O {[%emt 0:00:21]} Nf6 {[%emt 0:00:12]} 9. Rb1 {[%emt 0:00:51]} O-O {[%emt 0:00:05]} 10. b4 {[%emt 0:00:27]} Qd7 {[%emt 0:00:42]} 11. b5 {[%emt 0:00:50]} Ne7 {[%emt 0:00:20]} 12. Bxb7 {[%emt 0:01:11]} Rab8 {[%emt 0:00:02]} 13. Bg2 {[%emt 0:00:08]} d5 {[%emt 0:01:07]} 14. cxd5 {[%emt 0:02:55]} Nexd5 {[%emt 0:00:07]} 15. Bb2 {[%emt 0:01:17]} Qf7 {[%emt 0:02:40]} 16. a4 {[%emt 0:01:35]} Ne8 {[%emt 0:01:08]} 17. Nxd5 {[%emt 0:01:23]} Bxd5 {[%emt 0:00:03]} 18. Ba3 {[%emt 0:00:36]} Bxg2 {[%emt 0:00:26]} 19. Kxg2 {[%emt 0:00:02]} Nd6 {[%emt 0:00:02]} 20. Qb3 {[%emt 0:00:24]} Rfd8 {[%emt 0:00:31]} 21. Rfc1 {[%emt 0:00:32]} Rd7 {[%emt 0:01:30]} 22. Bxd6 {[%emt 0:00:57]} cxd6 {[%emt 0:00:27]} 23. Qxf7+ {[%emt 0:00:09]} Kxf7 {[%emt 0:00:02]} 24. Rc6 {[%emt 0:00:09]} Rb6 {[%emt 0:00:39]} 25. Rbc1 {[%emt 0:00:43]} Rxc6 {[%emt 0:01:44]} 26. Rxc6 {[%emt 0:00:05]} d5 {[%emt 0:00:02]} 27. a5 {[%emt 0:00:50]} Ke8 {[%emt 0:01:38]} 28. Nc3 {[%emt 0:00:53]} d4 {[%emt 0:00:14]} 29. Rc8+ {[%emt 0:01:02]} Ke7 {[%emt 0:00:06]} 30. exd4 {[%emt 0:00:05]} Rxd4 {[%emt 0:00:52]} 31. Rc7+ {[%emt 0:00:09]} Rd7 {[%emt 0:00:01]} 32. Rxd7+ {[%emt 0:00:07]} Kxd7 {[%emt 0:00:01]} 33. Na4 {[%emt 0:00:20]} Kc7 {[%emt 0:00:29]} 34. Kf3 {[%emt 0:00:16]} Bf8 {[%emt 0:00:01]} 35. Ke3 {[%emt 0:00:11]} Bb4 {[%emt 0:00:02]} 36. b6+ {[%emt 0:00:41]} axb6 {[%emt 0:00:04]} 37. axb6+ {[%emt 0:00:01]} Kc6 {[%emt 0:01:05]} 38. d4 {[%emt 0:00:07]} Bd6 {[%emt 0:00:46]} 39. dxe5 {[%emt 0:00:19]} Bxe5 {[%emt 0:00:02]} 40. f4 {[%emt 0:00:18]} Bb8 {[%emt 0:00:02]} 41. Kd4 {[%emt 0:00:11]} Kb5 {[%emt 0:00:05]} 42. Nc3+ {[%emt 0:00:02]} Kxb6 {[%emt 0:00:02]} 43. Nd5+ {[%emt 0:00:28]} Kc6 {[%emt 0:00:17]} 44. Nf6 {[%emt 0:00:03]} Ba7+ {[%emt 0:00:19]} 45. Kc4 {[%emt 0:00:01]} Bg1 {[%emt 0:00:05]} 46. h3 {[%emt 0:00:10]} Bh2 {[%emt 0:03:22]} 47. g4 {[%emt 0:00:51]} h6 {[%emt 0:01:35]} 1/2-1/2

[Event "27th GER-ch Rapid Women 2019"]
[Site "Neumarkt in der Oberpfalz"]
[Date "2019.09.21"]
[Round "4.3"]
[White "Germann, Heike"]
[Black "Muetsch, Annmarie"]
[Result "0-1"]
[WhiteElo "2079"]
[BlackElo "2250"]
[Annotator "NA"]
[PlyCount "94"]
[EventDate "2019.09.21"]
[EventType "swiss"]
[EventCountry "GER"]
[SourceTitle "playchess.com"]
[Source "ChessBase"]
[SourceQuality "1"]
[TimeControl "900+10"]

1. d4 {[%emt 0:00:00]} Nf6 {[%emt 0:00:00]} 2. c4 {[%emt 0:00:00]} g6 {[%emt 0:00:00]} 3. Nc3 {[%emt 0:00:00]} Bg7 {[%emt 0:00:00]} 4. e4 {[%emt 0:00:00]} d6 {[%emt 0:00:00]} 5. Nf3 {[%emt 0:00:00]} O-O {[%emt 0:00:00]} 6. Be2 {[%emt 0:00:00]} Na6 {[%emt 0:00:02]} 7. O-O {[%emt 0:00:04]} e5 {[%emt 0:00:02]} 8. d5 {[%emt 0:00:02]} Nc5 {[%emt 0:00:03]} 9. Qc2 {[%emt 0:00:05]} a5 {[%emt 0:00:01]} 10. Ne1 {[%emt 0:00:27]} Ne8 {[%emt 0:00:37]} 11. Nd3 {[%emt 0:00:31]} b6 {[%emt 0:00:46]} 12. Bd2 {[%emt 0:01:41]} f5 {[%emt 0:00:08]} 13. f3 {[%emt 0:00:03]} Nf6 {[%emt 0:00:07]} 14. Nxc5 {[%emt 0:01:38]} bxc5 {[%emt 0:00:06]} 15. a3 {[%emt 0:00:06]} Bd7 {[%emt 0:00:33]} 16. b3 {[%emt 0:00:27]} f4 {[%emt 0:01:30]} 17. Rfb1 {[%emt 0:00:03]} g5 {[%emt 0:00:06]} 18. Ra2 {[%emt 0:00:05]} g4 {[%emt 0:00:20]} 19. b4 {[%emt 0:00:29]} axb4 {[%emt 0:01:36]} 20. axb4 {[%emt 0:00:03]} cxb4 {[%emt 0:00:02]} 21. Rxb4 {[%emt 0:00:09]} Qe8 {[%emt 0:00:30]} 22. Be1 {[%emt 0:02:06]} Qg6 {[%emt 0:00:40]} 23. Rb7 {[%emt 0:01:23]} gxf3 {[%emt 0:01:30]} 24. Bxf3 {[%emt 0:00:03]} Bg4 {[%emt 0:01:45]} 25. Kh1 {[%emt 0:00:55]} Qh5 {[%emt 0:02:10]} 26. Qe2 {[%emt 0:01:54]} Rxa2 {[%emt 0:00:03]} 27. Nxa2 {[%emt 0:00:02]} Ra8 {[%emt 0:00:20]} 28. Nc3 {[%emt 0:00:56]} Ra1 {[%emt 0:02:22]} 29. Rb1 {[%emt 0:00:06]} Ra3 {[%emt 0:01:06]} 30. Kg1 {[%emt 0:01:52]} Bf8 {[%emt 0:00:23]} 31. Bxg4 {[%emt 0:00:23]} Qxg4 {[%emt 0:00:20]} 32. Qf2 {[%emt 0:00:36]} Qh5 {[%emt 0:02:46]} 33. h3 {[%emt 0:00:18]} Qg6 {[%emt 0:00:02]} 34. Qe2 {[%emt 0:00:11]} Nh5 {[%emt 0:00:12]} 35. Rc1 {[%emt 0:01:01]} Kf7 {[%emt 0:00:13]} 36. Qb2 {[%emt 0:00:38]} f3 {[%emt 0:00:25]} 37. Qf2 {[%emt 0:00:26]} Qxg2+ {[%emt 0:00:05]} 38. Qxg2 {[%emt 0:00:02]} fxg2 {[%emt 0:00:02]} 39. Kxg2 {[%emt 0:00:02]} Nf4+ {[%emt 0:00:03]} 40. Kh2 {[%emt 0:02:53]} Nd3 {[%emt 0:00:05]} 41. Rc2 {[%emt 0:02:51]} Nxe1 {[%emt 0:00:49]} 42. Rf2+ {[%emt 0:00:01]} Kg8 {[%emt 0:00:23]} 43. Nb5 {[%emt 0:00:02]} Ra4 {[%emt 0:00:13]} 44. Nxc7 {[%emt 0:00:05]} Rxc4 {[%emt 0:00:02]} 45. Ne6 {[%emt 0:00:06]} Rc2 {[%emt 0:00:09]} 46. Kg3 {[%emt 0:00:11]} Rxf2 {[%emt 0:00:07]} 47. Kxf2 {[%emt 0:00:01]} Nc2 {[%emt 0:00:50]} 0-1

[Event "27th GER-ch Rapid Women 2019"]
[Site "Neumarkt in der Oberpfalz"]
[Date "2019.09.21"]
[Round "5.2"]
[White "Anita Bharathi A S E"]
[Black "Schulze, Lara"]
[Result "*"]
[WhiteElo "1263"]
[BlackElo "2345"]
[Annotator "TA"]
[PlyCount "32"]
[EventDate "2019.09.21"]
[EventType "swiss"]
[EventCountry "GER"]
[SourceTitle "playchess.com"]
[Source "ChessBase"]
[SourceQuality "1"]

{[%evp 16,32,34,47,73,75,70,72,77,23,19,15,43,7,75,76,80,70,88]} 1. e4 e6 2. Nf3 d5 3. Nc3 d4 4. Ne2 c5 5. c3 Nc6 6. cxd4 cxd4 7. Qa4 Bc5 8. b4 Bxb4 9. Nexd4 $1 Qa5 {C00: French: Unusual White 2nd moves} 10. Qxa5 Bxa5 (10... Nxa5 11. Rb1 Be7 12. Nb5 Kd8 13. Ne5 Nh6 14. d4 Rf8 15. Bd2 Nc6 16. Bf4 a6 17. Nxc6+ bxc6 {1-0 (45) Xu,X (2397)-Ludwig,P (2160) Germany 2018}) 11. Nxc6 bxc6 {White is better.} 12. Bc4 $146 (12. Ba3 $16) ({Predecessor:} 12. Bb2 f6 13. e5 Rb8 14. Bd4 Bb6 15. Rc1 Kf7 16. Bc4 Ne7 17. exf6 Bxd4 18. Nxd4 gxf6 19. Bb3 Rb6 20. O-O {½-½ (20) Franko,O (1802)-Joba,A (2054) Liptovsky Mikulas 2019}) 12... Nf6 $11 13. e5 Nd5 14. Ba3 Nb6 (14... Nb4 $11 15. Rc1 O-O) 15. Be2 $16 Bb7 16. Rc1 {[#] Black must now prevent Rc5.} Nd5 *

[Event "27th GER-ch Rapid Women 2019"]
[Site "Neumarkt in der Oberpfalz"]
[Date "2019.09.22"]
[Round "6.1"]
[White "Muetsch, Annmarie"]
[Black "Roessler, Ulrike"]
[Result "1-0"]
[WhiteElo "2250"]
[BlackElo "2102"]
[Annotator "TA"]
[PlyCount "77"]
[EventDate "2019.09.21"]
[EventType "swiss"]
[EventCountry "GER"]
[SourceTitle "playchess.com"]
[Source "ChessBase"]
[SourceQuality "1"]

{[%evp 16,77,27,23,66,55,66,49,78,71,72,68,54,65,75,80,91,79,90,69,102,113,91,96,114,113,107,107,200,182,283,279,283,283,276,253,319,250,316,318,545,538,525,520,514,512,529,501,466,413,394,368,1933,1966,1883,5089,2794,2212,29982,29983,29977,29979,29978,953]} 1. e4 d6 2. d4 Nf6 3. Nc3 g6 4. f4 Bg7 5. Nf3 O-O 6. Bd3 Na6 7. O-O c5 8. d5 Nc7 9. a4 Bg4 {B09: Pirc Defence: Austrian Attack} (9... e6 10. dxe6 Bxe6 11. Kh1 b6 12. Qe1 Bg4 13. Bd2 Re8 14. Qg3 Bxf3 15. Qxf3 Ne6 16. Rae1 Nd4 17. Qd1 h5 {½-½ (48) Li,C (2744)-Lu,S (2628) Huocheng County 2017}) 10. h3 Bxf3 11. Qxf3 Rb8 {White is slightly better.} 12. Bd2 e6 $146 ({Predecessor:} 12... a6 13. a5 b5 14. axb6 Rxb6 15. b3 Nd7 16. Rae1 Qc8 17. Qg3 Nb5 18. Na4 {½-½ (26) Meissner,F (2291)-Skripchenko,A (2470) Germany 2011}) 13. Kh1 exd5 14. exd5 a6 15. a5 b5 16. axb6 $1 Rxb6 17. Ra2 Nb5 18. Nxb5 axb5 19. Ba5 Qa8 {White must now prevent ...Ra6.} 20. Rfa1 ({Worse is} 20. Bxb6 Qxa2 21. Bc7 c4 $19) 20... Rb7 {[#]} 21. Bc7 $1 {[%mdl 576] Discovered Attack} Qc8 (21... Qxa2 $16 22. Rxa2 Rxc7 23. Bxb5 Rb8) (21... Rxc7 22. Rxa8) 22. Bxd6 $18 Rd8 {[#]} (22... c4 {is a better defense.}) 23. Ra8 $1 {[%cal Ra8c8][%mdl 512]} Qxa8 24. Rxa8 Rxa8 25. Bxc5 Nd7 26. Bf2 Bxb2 27. d6 Rab8 $2 (27... Rbb8 28. Qc6 {[%mdl 64] Double Attack} Nf6) 28. Be4 Rb6 29. Bxb6 Rxb6 30. Bc6 Nf8 31. Qd5 Ne6 32. Be8 b4 33. f5 gxf5 $2 (33... Nd8 34. Bb5 Kg7) 34. Qxf5 Rxd6 35. Bxf7+ {[%mdl 64] Double Attack} Kg7 36. Bxe6 Bf6 37. Qg4+ {[%mdl 64] Double Attack. White mates.} Kf8 38. Qg8+ {[%mdl 64] Double Attack} Ke7 39. Qf7+ {Accuracy: White = 84%, Black = 32%.} 1-0

[Event "27th GER-ch Rapid Women 2019"]
[Site "Neumarkt in der Oberpfalz"]
[Date "2019.09.22"]
[Round "6.2"]
[White "Siegl, Melina"]
[Black "Anita Bharathi A S E"]
[Result "0-1"]
[WhiteElo "2018"]
[BlackElo "1263"]
[Annotator "NA RC"]
[PlyCount "39"]
[EventDate "2019.09.21"]
[EventType "swiss"]
[EventCountry "GER"]
[SourceTitle "playchess.com"]
[Source "ChessBase"]
[SourceQuality "1"]
[TimeControl "900+10"]

1. e4 {[%emt 0:00:00]} e6 {[%emt 0:00:00]} 2. d3 {[%emt 0:00:00]} d5 {[%emt 0:00:00]} 3. Nd2 {[%emt 0:00:00]} b6 {[%emt 0:00:00]} 4. g3 {[%emt 0:00:00]} Bb7 {[%emt 0:00:00]} 5. Bg2 {[%emt 0:00:00]} Nf6 {[%emt 0:00:03]} 6. Qe2 {[%emt 0:00:01]} d4 {[%emt 0:01:16]} 7. Ngf3 {[%emt 0:02:49]} c5 {[%emt 0:00:13]} 8. e5 {[%emt 0:00:20]} Nfd7 {[%emt 0:00:02]} 9. Ne4 {[%emt 0:00:17]} Nc6 {[%emt 0:00:08]} 10. Bf4 {[%emt 0:02:26]} h6 {[%emt 0:00:25]} 11. h4 {[%emt 0:00:15]} Nb4 {[%emt 0:00:23]} 12. a3 {[%emt 0:03:02]} Nd5 {[%emt 0:00:01]} 13. Bd2 {[%emt 0:01:46]} Qc7 {[%emt 0:00:02]} 14. c4 {[%emt 0:00:08]} dxc3 {[%emt 0:00:18]} 15. Nxc3 {[%emt 0:00:55]} Be7 {[%emt 0:02:16]} 16. O-O {[%emt 0:00:04]} Nxc3 {[%emt 0:00:41]} 17. bxc3 {[%emt 0:00:07]} O-O-O {[%emt 0:00:13]} 18. c4 {[%emt 0:01:34]} Rdg8 {[%emt 0:00:13]} 19. d4 {[%emt 0:00:18]} cxd4 {[%emt 0:00:15]} 20. Nxd4 {[%emt 0:01:24]} 0-1

[Event "27th GER-ch Rapid Women 2019"]
[Site "Neumarkt in der Oberpfalz"]
[Date "2019.09.22"]
[Round "6.3"]
[White "Weimert, Miriam"]
[Black "Schilay, Eva"]
[Result "1-0"]
[WhiteElo "1862"]
[BlackElo "1648"]
[Annotator "NA RC"]
[PlyCount "79"]
[EventDate "2019.09.21"]
[EventType "swiss"]
[EventCountry "GER"]
[SourceTitle "playchess.com"]
[Source "ChessBase"]
[SourceQuality "1"]
[TimeControl "900+10"]

1. Nf3 {[%emt 0:00:00]} Nf6 {[%emt 0:00:00]} 2. b3 {[%emt 0:00:04]} g6 {[%emt 0:00:30]} 3. Bb2 {[%emt 0:00:35]} Bg7 {[%emt 0:00:02]} 4. c4 {[%emt 0:00:07]} d5 {[%emt 0:01:43]} 5. cxd5 {[%emt 0:00:23]} Qxd5 {[%emt 0:00:10]} 6. Nc3 {[%emt 0:00:18]} Qd8 {[%emt 0:00:23]} 7. e3 {[%emt 0:00:05]} b6 {[%emt 0:00:12]} 8. Be2 {[%emt 0:00:52]} O-O {[%emt 0:00:47]} 9. O-O {[%emt 0:00:03]} c5 {[%emt 0:00:47]} 10. d4 {[%emt 0:00:39]} cxd4 {[%emt 0:00:06]} 11. Nxd4 {[%emt 0:00:02]} Bb7 {[%emt 0:00:11]} 12. Bf3 {[%emt 0:00:28]} Bxf3 {[%emt 0:01:04]} 13. Qxf3 {[%emt 0:00:02]} Nbd7 {[%emt 0:00:04]} 14. Nc6 {[%emt 0:00:27]} Qe8 {[%emt 0:01:00]} 15. Nb5 {[%emt 0:00:37]} Nc5 {[%emt 0:01:03]} 16. Nbxa7 {[%emt 0:01:01]} Qd7 {[%emt 0:01:01]} 17. Rfd1 {[%emt 0:00:35]} Qb7 {[%emt 0:01:06]} 18. Nb5 {[%emt 0:01:57]} Rfc8 {[%emt 0:02:10]} 19. Ne5 {[%emt 0:00:29]} Qa6 {[%emt 0:00:39]} 20. Nd4 {[%emt 0:00:43]} Rc7 {[%emt 0:00:49]} 21. Ne2 {[%emt 0:02:14]} Rac8 {[%emt 0:00:34]} 22. Nf4 {[%emt 0:01:19]} Nfe4 {[%emt 0:01:01]} 23. Nd5 {[%emt 0:00:47]} Bxe5 {[%emt 0:00:02]} 24. Bxe5 {[%emt 0:00:06]} Rd7 {[%emt 0:00:24]} 25. b4 {[%emt 0:00:14]} Ng5 {[%emt 0:00:32]} 26. Qg4 {[%emt 0:00:29]} Nce6 {[%emt 0:00:07]} 27. h4 {[%emt 0:01:24]} Rcd8 {[%emt 0:00:05]} 28. Nxe7+ {[%emt 0:00:26]} Rxe7 {[%emt 0:01:19]} 29. hxg5 {[%emt 0:00:02]} Rc8 {[%emt 0:00:34]} 30. Rac1 {[%emt 0:01:39]} Ra8 {[%emt 0:00:29]} 31. Rc2 {[%emt 0:00:25]} Qb5 {[%emt 0:00:08]} 32. Bf6 {[%emt 0:00:13]} Rea7 {[%emt 0:00:02]} 33. Rdc1 {[%emt 0:00:15]} Qd7 {[%emt 0:00:21]} 34. Qc4 {[%emt 0:00:38]} Rb7 {[%emt 0:00:47]} 35. Qe2 {[%emt 0:00:25]} Rba7 {[%emt 0:00:08]} 36. Rd1 {[%emt 0:00:14]} Qb7 {[%emt 0:00:10]} 37. Rcd2 {[%emt 0:00:17]} Qc7 {[%emt 0:00:05]} 38. Rd7 {[%emt 0:00:11]} Qc6 {[%emt 0:00:31]} 39. R1d6 {[%emt 0:00:23]} Qb5 {[%emt 0:00:07]} 40. Qxb5 {[%emt 0:00:02]} 1-0

[Event "27th GER-ch Rapid Women 2019"]
[Site "Neumarkt in der Oberpfalz"]
[Date "2019.09.22"]
[Round "7.1"]
[White "Anita Bharathi A S E"]
[Black "Muetsch, Annmarie"]
[Result "0-1"]
[WhiteElo "1263"]
[BlackElo "2250"]
[Annotator "TA"]
[PlyCount "36"]
[EventDate "2019.09.21"]
[EventType "swiss"]
[EventCountry "GER"]
[SourceTitle "playchess.com"]
[Source "ChessBase"]
[SourceQuality "1"]

{[%evp 18,31,9,7,0,6,4,10,16,0,24,0,0,4,8,10]} 1. e4 c5 2. Nf3 e6 3. d4 cxd4 4. Nxd4 Nc6 5. Nc3 Qc7 6. Ndb5 Qb8 7. Be3 a6 8. Bb6 axb5 9. Nxb5 Bb4+ 10. c3 Ba5 $1 {[%cal Ra5b6] B47: Sicilian: Taimanov: 5 Nc3 Qc7 6 f4, 6 g3 and 6 Be2} 11. Nc7+ $1 {[#]} Qxc7 $1 {[%mdl 512]} 12. Bxc7 Bxc7 13. Qg4 g6 14. Bb5 Kf8 15. O-O Nf6 16. Qe2 {[%mdl 32768] [#] Loss on time!?} {Predecessor:} Kg7 $146 17. a4 d5 18. exd5 exd5 {½-½ (116) Charochkina,D (2343)-Vorobiov,E (2598) St Petersburg 2012} 0-1